El cálculo /
Contenido: Funciones, límites y continuidad; Derivada y diferenciación; Comportamiento de las funciones y de sus gráficas, valores extremos y aproximaciones; Integral definida e integración; Funciones logarítmicas, exponenciales, trigonométricas inversas e hiperbólicas; Aplicaciones adicionales de l...
সংরক্ষণ করুন:
| প্রধান লেখক: | |
|---|---|
| বিন্যাস: | গ্রন্থ |
| ভাষা: | স্প্যানিশ |
| প্রকাশিত: |
México :
Oxford University,
1998, c1998
|
| বিষয়গুলি: | |
| ট্যাগগুলো: |
কোনো ট্যাগ নেই, প্রথমজন হিসাবে ট্যাগ করুন!
|
MARC
| LEADER | 00000nam^a2200000^a^4500 | ||
|---|---|---|---|
| 001 | 000159206 | ||
| 005 | 20250521000000.0 | ||
| 009 | 20260310100641.329 | ||
| 020 | |a 970-613-182-5 | ||
| 037 | |a Acervo ITESO - Biblioteca | ||
| 041 | |a ESP | ||
| 082 | |a 515. |b LEI | ||
| 100 | |a Leithold, Louis |e (autor) | ||
| 245 | 1 | 3 | |a El cálculo / |c L. Leithold ; tr. por Fidencio Mata González. |
| 264 | 4 | |a México : |b Oxford University, |c 1998, c1998 | |
| 300 | |a XXIV, 1360 p. | ||
| 336 | |a texto |b txt |2 rdacontenido | ||
| 337 | |a sin mediación |b n |2 rdamedio | ||
| 338 | |a volumen |b nc |2 rdasoporte | ||
| 500 | |a Traducción de: The Calculus 7 | ||
| 520 | |a Contenido: Funciones, límites y continuidad; Derivada y diferenciación; Comportamiento de las funciones y de sus gráficas, valores extremos y aproximaciones; Integral definida e integración; Funciones logarítmicas, exponenciales, trigonométricas inversas e hiperbólicas; Aplicaciones adicionales de la integral definida; Técnicas de integración, formas indeterminadas e integrales impropias; Aproximaciones polinomiales, sucesiones y series infinitas; Ecuaciones paramétricas, curvas planas y graficas polares; Vectores , rectas, planos y superficies en el espacio; Funciones vectoriales; Cálculo diferencial de funciones de más de una variable; Integración múltiple; Introducción al cálculo de campos vectoriales; Apéndices. | ||
| 590 | |a Traducción de la 7a edición en inglés | ||
| 649 | |a XX | ||
| 650 | |a Funciones (Matemáticas) | ||
| 650 | |a Cálculo Diferencial | ||
| 650 | |a Cálculo | ||
| 650 | |a Análisis Matemático | ||
| 650 | |a Matemáticas | ||
| 910 | |a Fondo General | ||
| 920 | |a Impresos - Libros | ||
| 930 | |a Colección General | ||
| 905 | |a 101 | ||
| 901 | |a 0500090628 |b IT1 |c ACC |u 20250521 | ||
| 901 | |a 0500097957 |b IT1 |c ACC |u 20250521 | ||
| 902 | |a https://opac.biblio.iteso.mx/vufind/Record/000159206 | ||